000 00445nam a2200157Ia 4500
008 100122s9999 xx 000 0 und d
082 _b8847
_a133.5
100 _aभट म दा
245 _aसंचित दर्शन
250 _a0
260 _bअच्युत बळवंत भिसे
_c1956
300 _a153
630 _aसंचित दर्शन
730 _aसंचित दर्शन
942 _cBOOK
999 _c401045
_d401042